Chinese History 101 Quiz #8 - Statistics

General Stats
  • This quiz has been taken 223 times
  • The average score is 6 of 10
Answer Stats
Question Answer % Correct
What did the students protest against during the May 4th Movement in 1919? The weak government response to the Treaty of Versailles which allowed Japan to take over Qingdao from the German
86%
Who was the figurehead in the Japanese puppet state of Manchukuo? Puyi, the last emperor of the Qing dynasty
79%
Why was Beijing (Peking) renamed to Beiping (Peiping) in 1928? It was no longer the capital after the Beiyang government was defeated in the Northern Expedition
71%
Where did the Communist Red Army flee to in the Long March (1934-35)? Shaanxi province
71%
What did Yuan Shikai become in December 1915? Emperor of China
64%
Where was the First Chinese Communist Party Congress held in 1921? Shanghai
57%
In 1917, loyalist general Zhang Xun restored the Qing dynasty and Puyi as emperor. How long did it last? 12 days
50%
Which is NOT one of the Sun Yat-sen's "Three Principles of the People"? Liberty
43%
Which country helped China the most in developing its economy and military during the Nanjing Decade (1927-37)? Germany
36%
What happened on 28th January, 1932 (the so-called "128 Incident")? Japan attacked the Shanghai International Settlement
14%
No matching quizzes found
Score Distribution
Percent of People with Each Score
Percentile by Number Answered
Your Score History
You have not taken this quiz